000 00410 a2200097 4500
245 0 0 _aZastosowanie w publicznych sieciach danych urządzenia końcowego - transmisji danych (DTE) przeznaczonego do współpracy z modemami synchronicznymi serii V PN-93/T-20302 /
_cMin. Łączności.
246 1 3 _aPN-93/T-20302
246 1 3 _a681.33
260 _aWarszawa :
_bMin. Łączności,
_c1993.
300 _a10 stron ;
_c30 cm.
650 _aPolska norma
999 _c21493
_d21493